Ben and Jerry's Flavors Quiz - Statistics

General Stats
  • This quiz has been taken 3,722 times
    3,716 since last reset
  • The average score is 5 of 18
Answer Stats
Flavor % Correct
Chunky {Monkey}
83%
Cherry {Garcia}
67%
{Half} Baked
66%
{Phish} Food
66%
{Chubby} Hubby
51%
Schweddy {Balls}
43%
{Boston} Cream Pie
39%
{Stephen} {Colbert}'s Americone Dream
28%
Karamel {Sutra}
26%
{Jimmy} {Fallon}'s Late Night Snack
20%
{Imagine} Whirled Peace
17%
{New} {York} Super Fudge Chunk
17%
{Dublin} Mudslide
9%
{Willie} {Nelson}'s Peach Cobbler
7%
{Bonnaroo} Buzz
6%
{Dave} {Matthews} {Band} Magic Brownies
5%
{Dulce} Delish
3%
{Hannah} {Teter}'s Maple Blondie
2%
No matching quizzes found
Score Distribution
Percent of People with Each Score
Percentile by Number Answered
Your Score History
You have not taken this quiz since the last reset